MARC details
| 000 -LEADER |
| fixed length control field |
03114nam a22003857a 4500 |
| 001 - CONTROL NUMBER |
| control field |
105958 |
| 003 - CONTROL NUMBER IDENTIFIER |
| control field |
KnowledgeUnlatched |
| 005 - DATE AND TIME OF LATEST TRANSACTION |
| control field |
20210303104933.0 |
| 006 - FIXED-LENGTH DATA ELEMENTS--ADDITIONAL MATERIAL CHARACTERISTICS |
| fixed length control field |
m o d |
| 007 - PHYSICAL DESCRIPTION FIXED FIELD--GENERAL INFORMATION |
| fixed length control field |
cr u|||||||||| |
| 008 - FIXED-LENGTH DATA ELEMENTS--GENERAL INFORMATION |
| fixed length control field |
210129p20162020xx o u00| u ger d |
| 037 ## - SOURCE OF ACQUISITION |
| Institution to which field applies |
BiblioBoard |
| 020 ## - INTERNATIONAL STANDARD BOOK NUMBER |
| International Standard Book Number |
9783666310294 |
| 024 8# - OTHER STANDARD IDENTIFIER |
| Standard number or code |
https://doi.org/10.13109/9783666310294 |
| 029 1# - OTHER SYSTEM CONTROL NUMBER (OCLC) |
| OCLC library identifier |
https://library.biblioboard.com/ext/api/media/94547646-01d4-4c93-91bc-89a6d3b700dc/assets/thumbnail.jpg |
| 040 ## - CATALOGING SOURCE |
| Original cataloging agency |
ScCtBLL |
| Transcribing agency |
ScCtBLL |
| 100 1# - MAIN ENTRY--PERSONAL NAME |
| Personal name |
Grunert, Heiner |
| Relator term |
author. |
| 245 00 - TITLE STATEMENT |
| Title |
Glauben im Hinterland |
| Remainder of title |
Die Serbisch-Orthodoxen in der habsburgischen Herzegowina 1878-1918 / |
| Statement of responsibility, etc. |
Heiner Grunert. |
| 264 #1 - PRODUCTION, PUBLICATION, DISTRIBUTION, MANUFACTURE, AND COPYRIGHT NOTICE |
| Name of producer, publisher, distributor, manufacturer |
Vandenhoeck & Ruprecht, |
| 300 ## - PHYSICAL DESCRIPTION |
| Extent |
1 online resource (1 p.) |
| 490 1# - SERIES STATEMENT |
| Series statement |
Religiöse Kulturen im Europa der Neuzeit. |
| 506 0# - RESTRICTIONS ON ACCESS NOTE |
| Terms governing access |
Access copy available to the general public. |
| Standardized terminology for access restriction |
Unrestricted |
| Source of term |
star |
| 520 ## - SUMMARY, ETC. |
| Summary, etc. |
Das Buch untersucht Religion auf dem Balkan am Beispiel serbisch-orthodoxer Gemeinschaften in der Herzegowina - in einer überwiegend gebirgigen, ländlichen und religiös vielfältigen Region. Hier lebte man religiösen Glauben im 19. Jahrhundert vor allem in den Familien. Geistliche und die Kirchenorganisation spielten nur eine untergeordnete, nicht selten ungeliebte Rolle. Erst die gesellschaftlichen Modernisierungen ab der zweiten Hälfte des Jahrhunderts, vor allem durch die habsburgische Verwaltung ab 1878, formten Religion zu einem von kirchlichen Institutionen geprägten und konfessionell klar abgegrenzten Gesellschaftssystem. Dadurch gerieten zum einen die Verhältnisse innerhalb der Glaubensgemeinschaft in Bewegung und wurden teils heftig ausgetragen - zwischen Laien, Geistlichen, der Kirchenleitung und dem Staat. Zum anderen veränderten sich aber auch die interreligiösen Beziehungen und wurden stärker normiert und seltener situativ ausgehandelt.Religion war von grundlegender Bedeutung für imperiale Herrschaft, nicht zuletzt als Gegengewicht zu nationalen Bestrebungen. Im Falle der Serben wirkte dabei imperial geregelte Religion über ihre Organisationen und ihre Geistlichen fördernd für die Nationalbewegung. Habsburg reagierte daher seit Beginn des Ersten Weltkriegs mit harter Repression gegen serbisch-orthodoxe Priester, kirchliche Laien und Kircheninstitutionen. Für die häufige Verschmelzung von Religion und Nation spielten in Südosteuropa gerade die großen Reiche eine entscheidende Rolle. |
| 588 0# - SOURCE OF DESCRIPTION NOTE |
| Source of description note |
Description based on print version record. |
| 590 ## - LOCAL NOTE (RLIN) |
| Local note |
KU Open Services |
| 650 #7 - SUBJECT ADDED ENTRY--TOPICAL TERM |
| Topical term or geographic name entry element |
History / Europe |
| Source of heading or term |
bisacsh |
| 650 #0 - SUBJECT ADDED ENTRY--TOPICAL TERM |
| Topical term or geographic name entry element |
History |
| 655 #0 - INDEX TERM--GENRE/FORM |
| Genre/form data or focus term |
Electronic books. |
| 758 ## - |
| -- |
Is found in: |
| -- |
Knowledge Unlatched |
| -- |
https://openresearchlibrary.org/module/2774bc74-146a-484f-a7ba-ab1d6a09bbfb |
| 830 0# - SERIES ADDED ENTRY--UNIFORM TITLE |
| Uniform title |
Religiöse Kulturen im Europa der Neuzeit. |
| 856 40 - ELECTRONIC LOCATION AND ACCESS |
| Uniform Resource Identifier |
<a href="https://openresearchlibrary.org/content/94547646-01d4-4c93-91bc-89a6d3b700dc">https://openresearchlibrary.org/content/94547646-01d4-4c93-91bc-89a6d3b700dc</a> |
| Public note |
View this content on Open Research Library. |
| -- |
0 |